00321nam a22001337a 4500020001800000082001400018100001300032245003900045260003300084300001000117650002000127650002500147650001500172 a9789353906689 aM3bBEN/N aBenyamin aNisabda sancharangal/cby Benyamin aKottayam:bD C Books,c2025. a312p. aNovel Malayalam aLiterature Malayalam aLiterature